00302nam a2200097Ia 4500008004100000020001800041100002100059245008200080260002800162300001400190171205s9999 xx 000 0 und d a9781506351513 aPopham, W. James 4aThe ABCs of Educational Testing Demystifying the Tools That Shape Our Schools bSAGE Publicationsc2017 a152 pages